000 00635nam a2200193 i 4500
001 75952
003 ES-MaACL
005 20230906172651.0
007 t|
008 040928s1961 sp ||||1| spa d
100 1 _aGrzimek, Bernhard.
_960263
245 1 0 _aSerengueti no debe morir
_b: 367.000 animales salvajes buscan patria /
_cBernhand y Michael Grzimek ; [traducción Tomás Lamarca].
250 _a[1ª ed.].
260 _aBarcelona :
_bNoguer :
_bSocitra,
_c[1961]
300 _a346 p., 37 lám ;
_c23 cm.
700 1 _aGrzimek, Michael.
_960264
700 1 _aLamarca, Tomás.
_969766
852 _aES-MaACL
_jC-20371
_bR.47947
999 _c75952
_d75952